Statistics for Fictional Ethnic Groups

Click here to take the quiz!

General Stats

  • This quiz has been taken 175 times
  • The average score is 13 of 20

Answer Stats

Hint Answer % Correct
Santa's helpersElves
95%
Half fish, half womanMermaids
94%
Tinkerbelle is one of theseFairies
93%
Little people, big feet -- in Middle EarthHobbits
93%
ShrekOgres
92%
White, ape-like creature in the HimalayasYeti
92%
Small wearers of pointy hats in gardensGnomes
90%
All-female nation of tall, strong warriorsAmazons
85%
Mr. Spock is half human, half thisVulcans
81%
Tall ape-like being in the Pacific NorthwestSasquatch
75%
Captain Kirk's primary antagonistsKlingons
64%
"Ding, dong, the witch is dead!"Munchkins
59%
Miniature people encountered by GulliverLilliputians
53%
Princess Leia would rather kiss oneWookiees
50%
Invaders in 'The War of the Worlds'Martians
46%
Jar Jar Binks is one of theseGungans
42%
They will assimilate youThe Borg
41%
Humanoid inhabitants of PandoraNa'vi
40%
They use cloaking devices on their shipsRomulans
35%
Cannibals in 'The Time Machine'Morlocks
25%

Score Distribution

Percentile by Number Answered

Percent of People with Each Score

Your Score History

You have not taken this quiz